| 000 | 00643nam a2200193Ia 4500 | ||
|---|---|---|---|
| 005 | 20250508165704.0 | ||
| 008 | 008 250505s9999 xx 000 0 eng d | ||
| 037 | _aTextual | ||
| 040 |
_aFEDL _beng _cFEDL |
||
| 041 |
_aeng _2eng |
||
| 084 |
_a574, NCE _qFEDL |
||
| 245 | 0 | _aBiology : a textbook higher secondry schools | |
| 245 | 0 | _cNational council of educational research and training (delhi India) | |
| 260 |
_aNew Delhi, India _bNational Council of Educational Research and Training |
||
| 300 | _a100p. | ||
| 546 | _aSection 1 : some basic facts about life | ||
| 942 |
_cTEXL _h574, NCE |
||
| 999 |
_c1396764 _d1396764 |
||